Piosenki zespołu Dżem - nagła śmierć - Statystyki

Ogólne statystyki
  • Ten quiz został rozwiązany 170 razy
  • Średni wynik to 7 z 10
Answers on the Grid
Answers color-coded by a green-red scale on the quiz's grid according to % correct below.
Wehikul czasu
Jolka Jolka
Jak minął dzień
Sen o Victorii
Zawsze tam gdzie Ty
Parostatek
Whisky
Autobiografia
Chciałem być
Wybacz
Naiwne pytania
Mniej niż zero
Do kołyski
Prawdziwe powietrze
Jak anioła głos
Jak malowany ptak
Wszystko ma swój czas
Czerwony jak cegła
Partyzant
Bo jesteś Ty
Kryzysowa narzeczona
List do M.
Pokolenie
Autsajder
 
Statystyki odpowiedzi
Odpowiedź % Poprawnych
Wehikul czasu
95%
Whisky
88%
Sen o Victorii
86%
Czerwony jak cegła
77%
List do M.
71%
Autsajder
69%
Do kołyski
69%
Naiwne pytania
63%
Jak malowany ptak
56%
Partyzant
50%
Nie znaleziono quizów pasujących do podanych kryteriów
Rozkład punktacji
Procent ludzi z każdym wynikiem
Percentyl według liczby udzielonych odpowiedzi
Twoja historia wyników
Nie rozwiązałeś tego quizu